| 000 | 00912nam a22001817a 4500 | ||
|---|---|---|---|
| 003 | IT-RoPau | ||
| 005 | 20220918181105.0 | ||
| 008 | 130508b xxu||||| |||| 00| 0 eng d | ||
| 040 | _cIT-RoPau | ||
| 100 |
_aCentro di Spiritualità Paolina _9518 |
||
| 245 | _aInformazione | ||
| 250 | _a1° ed | ||
| 260 |
_aAriccia (Roma) _bCasa Divin Maestro _c1973 |
||
| 300 |
_a28 pp. _c28 cm |
||
| 490 |
_aInformazione _vn° 11 - Novembre 1973 |
||
| 520 | _aSommario Nel Cristo Via, Verità e Vita 1. A due anni dalla morte di don Giacomo Alberione: dilexit Ecclesiam. 2. "Via, Verità e Vita": principio ispiratore dell'apostolato paolino 1. Natura dell'apostolato 2. Il vero senso pastorale 3. Le attese e i bisogni dell'uomo 4. Le masse, bisognose del Cristo. 5. Quali scelte? Quale redazione? 3. Don Francesco S. Borrano: Il sacerdote paolino. 4. Dialogo nella Famiglia Paolina. | ||
| 942 |
_2ddc _cCR |
||
| 999 |
_c98502 _d98502 |
||